Spoločnosť v kríze z pohľadu účtovníctva diplomová práca

Saved in:
Bibliographic Details
Main Author: Vrana, Martin
Corporate Author: Fakulta hospodárskej informatiky EU. Katedra účtovníctva a audítorstva
Other Authors: Máziková, Katarína
Format: Book
Language:Slovak
Published: Bratislava 2017
Tags: Add Tag
No Tags, Be the first to tag this record!

MARC

LEADER 00000nbm a2200000 4500
001 0230896
005 20180410104538.3
041 0 |a slo 
044 |a SK 
245 1 0 |a Spoločnosť v kríze z pohľadu účtovníctva  |b diplomová práca  |c Martin Vrana ; školiteľ: Katarína Máziková 
264 1 |a Bratislava  |c 2017 
300 |a 68 s. 
100 1 |a Vrana, Martin 
700 1 |a Máziková, Katarína 
710 2 |a Fakulta hospodárskej informatiky EU. Katedra účtovníctva a audítorstva